00425 2200121 4500001002100000005001500021035002000036007000300056008003900059100002200098245014400120260003900264INLIS00000000000201120200203095124 a0010-0220000028ta200203 | | | 0 aBASO ASRUL JUANDI1 aFaktor-Faktor Yang Berhubungan Dengan Kejadian Penyakit Malaria Di Wilayah Kerja Puskesmas Simpang IV Sipin Kota Jambi /cBASO ASRUL JUANDI aJAMBI :bSTIKES PRIMA JAMBI,c2014